| 000 | 00886nas a2200301 4500 | ||
|---|---|---|---|
| 001 | BR0001538 | ||
| 003 | BR-BrBNA | ||
| 005 | 20231205101755.0 | ||
| 007 | ta | ||
| 008 | 230509b bl.|||p| |||| 00| 00por d | ||
| 040 |
_aBR-BrBNA _bpor _cBiblioteca Nacional de Agricultura |
||
| 041 | _a(Pt) | ||
| 072 | _aH60 | ||
| 100 | 1 | _aFerri, M.V.W. | |
| 100 | 1 | _aVidal, R.A. | |
| 100 | 1 | _aMerotto Junior, A. | |
| 100 | 1 | _aFleck, N.G. | |
| 245 | 1 | _aAtividade dos herbicidas flumetsulam e trifluralin em diferentes valores de pH e densidade do solo | |
| 650 | _aAveia | ||
| 650 | _aErva Daninha | ||
| 650 | _aControle Quimico | ||
| 650 | _aPh | ||
| 650 | _aRotacao de Cultura | ||
| 650 | _aRio Grande do Sul | ||
| 773 | 0 |
_tCiencia Rural (Brazil) _xISSN 0103-8478 _g(Jan-Mar 2000), v. 30(1) p. 11-15 _wBR0001538 |
|
| 909 |
_a202311 _bLúcia _c55 _dLúcia Elande |
||
| 942 |
_2AGRIS _n0 _cANA |
||
| 999 |
_c163804 _d163804 |
||